000 00453nam a2200181Ia 4500
001 4333
005 20260306145748.0
008 260306t1994||||xx |||||||||||||| ||spa||
041 _aESP
082 _a320.973
_bA62
100 _aAnton, Thomas Julius
_eAUT
245 0 _aLas políticas públicas y el federalismo norteamericano
260 _c1994
300 _a302 páginas :
_c23 cm.
650 _aGEN
654 _aCDE
942 _cLIB
_dJUS
_fJUS
_2ddc
_n
999 _c4333
_d4333